Čs. zahraniční obchod s členskými státy evropských společenství. Aplikace všeobecného systému preferenci ES na dovozy z ČSFR.

Prehľad dohôd, upravujúcich obchodné styky medzi ČSFR a ES. Všeobecný systém preferencií (GSP), a jeho dôsledky na zahraničný obchod ČSFR. Štatistické údaje o zahraničnom obchode medzi ČSFR a ES, jeho teritoriálna i tovarová skladba. Perspektívy ďalšieho rozvoja vzájomných vzťahov.

Gespeichert in:
Bibliographische Detailangaben
1. Verfasser: Kašparová, J.
Format: Buchkapitel
Sprache:Tschechisch
Schlagworte:
Tags: Tag hinzufügen
Keine Tags, Fügen Sie das erste Tag hinzu!

MARC

LEADER 00000naa a2200000 4500
001 r006639
005 20221125081133.5
041 0 |a cze 
044 |a [CS] 
245 1 0 |a Čs. zahraniční obchod s členskými státy evropských společenství.  |b Aplikace všeobecného systému preferenci ES na dovozy z ČSFR.  |c J. Kašparová 
520 |a Prehľad dohôd, upravujúcich obchodné styky medzi ČSFR a ES. Všeobecný systém preferencií (GSP), a jeho dôsledky na zahraničný obchod ČSFR. Štatistické údaje o zahraničnom obchode medzi ČSFR a ES, jeho teritoriálna i tovarová skladba. Perspektívy ďalšieho rozvoja vzájomných vzťahov. 
610 2 0 |a obchod zahraničný 
610 2 0 |a Európske spoločenstvá 
610 2 0 |a zmluvy medzinárodné 
610 2 0 |a vzťahy hospodárske vonkajšie 
610 2 0 |a ČSFR 
610 2 0 |a údaje štatistické 
610 2 0 |a GSP 
610 2 0 |a preferencie 
100 1 |a Kašparová, J.